Estadísticas para Cultura General #9

Haz click aquí para intentar la prueba.

Estadísticas generales

  • Esta prueba ha sido intentada 2.914 veces
  • La puntuación promedio es 10 de 20

Estadísticas de respuestas

PreguntaRespuesta% Correcto
¿Cuál es la isla más grande del Caribe?Cuba
86%
¿De qué isla se origen los lémures?Madagascar
84%
¿De qué película es la frase «Hasta el infinito... ¡y más allá!»?Toy Story
82%
¿Quién fue la primera mujer en recibir un premio Nobel?Marie Curie
74%
¿Quién fundó Facebook?Mark Zuckerberg
73%
¿Qué palabra japonesa consiste en el arte de cultivar arbustos pequeños?Bonsái
71%
¿Qué era el equivalente soviético de la CIA?KGB
58%
¿Cuál es la especie de lagarto de mayor tamaño?Dragón de Komodo
56%
¿Qué género de música, donde se baila lento con ritmo tropical, se origina de Colombia y Panamá?Cumbia
41%
¿Qué es la identidad secreta de Diego de La Vega?El Zorro
41%
Según el refrán latinoamericano, ¿qué se salen cuando se está hundiendo el barco?Todas las ratas
41%
¿En qué idioma es el lema de la monarquía británica?Francés
40%
¿Qué conquistó los normandos en 1066?Inglaterra
35%
¿Cómo se llama el segundo libro de la Biblia?Éxodo
34%
¿Quién mató a Aquiles?Paris
34%
¿De qué ciudad-estado fue Aníbal?Cartago
33%
¿Qué película española es la más taquillera de la historia del país?Ocho apellidos vascos
31%
¿De qué tela son las velas del barquito de cáscara de nuez?Papel
27%
¿Qué río pasa por Ciudad Juárez?Río Bravo
26%
¿En qué país hay la más probabilidad encontrar un pólder?Países Bajos
17%

Distribución de puntuación

Porcentaje por número respondido

Porcentaje de gente con cada puntuación

Historial de tus puntuaciones

No has intentado esta prueba.